Histoire : Questions à difficultés variées - Statistiques

Statistiques générales
  • Ce quiz a été pris 141 fois
  • Le résultat moyen est 6 sur 15
Statistiques - réponses
Difficulté Question Réponse % Correct
Facile Quelle Reine d'Angleterre a connu le deuxième plus long règne de l'histoire du Royaume-Uni, après celui d'Élisabeth II ? Victoria
91%
Facile Qui fut le premier Empereur Romain ? Auguste
82%
Moyenne Sous quel nom est plus connu Jean-Baptiste Poquelin ? Molière
78%
Facile Charlemagne a fait de cette ville aujourd'hui située aujourd'hui en Allemagne la capitale de l'Empire Carolingien Aix-la-Chapelle
63%
Complexe Conférence se déroulant en 1945 entre Churchill, Roosevelt et Staline Yalta
59%
Facile Quel pharaon d'Égypte a vécu jusqu'à l'âge avancé de 91 ans ? Ramsès II
53%
Facile Quel Roi remporta la Bataille de Marignan en 1515 ? François Ier
42%
Moyenne Quel homme politique originaire d'Athènes a fondé l'idée de « Démocratie » ? Périclès
36%
Complexe De quelle tribu gauloise était issu Vercingétorix ? Arverne
29%
Complexe Comment se nommait le cheval d'Alexandre le Grand ? Bucéphale
29%
Complexe Dans la mythologie grecque,qui était le Dieu du Vent d'Ouest ? Zéphyr
20%
Moyenne Quel Roi de Prusse était surnommé « Le Grand » ? Frédéric II
18%
Moyenne Qui fut la maîtresse puis favorite la plus célèbre de Louis XV ? Madame de Pompadour
18%
Complexe Qui mit fin en 1806 au Saint-Empire Germanique ? Napoléon Ier
18%
Moyenne Quel traité signé en 1475 met définitivement fin à la Guerre de Cent Ans ? Picquigny
8%
Aucun quiz correspondant
Distribution des résultats
% des personnes avec chaque résultat
Percentile par nombre de réponses
Votre historique - résultats
Vous n’avez pas pris ce quiz